000 00733cab a2200217 4500
001 ABS38933
008 090401t1988 xxu||||| |||| 00| 0 eng d
035 _a(Sirsi) u13404
041 _aeng
100 _aChappell, D.
245 _aLegal report: pre-trial documents
260 _c1988
350 _a0
490 _aArchitects` Journal
_v187(10) 9 March 1988, 77(1)
520 _aExamines the case Guinness Peat Properties Ltd v Fitzroy Robinson Partnership (1987) 1 WLR 1027 which considers whether a document inadvertently released by the defendant`s solicitors to the plaintiffs could be used in legal proceedings.
650 _aPRIVILEGE
650 _aSOLICITORS
690 _aLAW
942 _n0
948 _c04/03/1997
999 _c8644
_d8644